000 00725cam a2200217 4500
001 WB3702-21
008 000000n2001 000 0 eng u
035 _a(Sirsi) u110292
245 _aBrum firms form giant practice
260 _c2001
490 _aEstates Gazette
_v(0101) 6 January 2001, 17(1)
520 _aJames & Lister Lea and Bruton Knowles have merged this week to become one of Birmingham's largest property firms. The merger will see J&LL trading under the BK name.
590 _aWB
650 _aBRUTON KNOWLES
650 _aSURVEYING FIRMS
650 _aMERGERS
650 _aEXPANSION
650 _aPROPERTY FIRMS
690 _aMANAGEMENT-BUSINESS MANAGEMENT-PROFESSIONAL PRACTICE
942 _n0
999 _c65770
_d65770